NBA Players with the Most 50+ Point Games - Statistics

General Stats
  • This quiz has been taken 37 times
  • The average score is 18 of 29
Answer Stats
# of 50+ Answer % Correct
31 Michael Jordan
100%
24 James Harden
97%
15 Steph Curry
97%
118 Wilt Chamberlain
97%
25 Kobe Bryant
94%
14 LeBron James
94%
5 Jerry West
85%
7 Luka Doncic
85%
9 Kevin Durant
82%
5 Russell Westbrook
76%
9 Giannis Antetokounmpo
73%
10 Kareem Abdul-Jabbar
70%
15 Damian Lillard
67%
11 Allen Iverson
64%
8 Devin Booker
61%
17 Elgin Baylor
61%
6 Kyrie Irving
61%
5 Shai Gilgeous-Alexander
55%
8 Joel Embiid
52%
5 Anthony Davis
48%
5 George Gervin
45%
5 Jayson Tatum
45%
5 Bradley Beal
39%
14 Rick Barry
39%
6 Pete Maravich
36%
7 Dominique Wilkins
33%
6 Bob Pettit
30%
8 Bernard King
27%
6 Adrian Dantley
24%
No matching quizzes found
Score Distribution
Percent of People with Each Score
Percentile by Number Answered
Your Score History
You have not taken this quiz